000 01020nam a2200277Ia 4500
003 OSt
005 20220923230618.0
006 a|||||r|||| 00| 0
007 ta
008 220922b |||||||| |||| 00| 0 hin d
020 _c250
024 _a284,269
037 _bBR8587, 30/03/2015, Rajkamal Prakashan Pvt. Ltd
_cTextual
040 _aARTS
_cARTS
_bhin
041 _2hin
_ahin
082 _aO152,3N212,KC, K6;Q3
100 _aफणीश्वरनाथ रेणु
245 0 _aकितने चौराहे
246 _aKitane chaurāhe
250 _a2 संस्करण
260 _aबिहार
_b फणीश्वरनाथ रेणु समाज सेवा संस्थान
_c2013
300 _a135पृ.
_ccm.
650 _aहिन्दी साहित्य
_9156264
942 _hO152,3N212,KC, K6;Q3
_cTEXL
_2CC
999 _c386045
_d386045